Normal view MARC view
  • Bergquist, Carl.J

Entry Personal Name

Number of records used in: 2

001 - CONTROL NUMBER

  • control field: 59922

003 - CONTROL NUMBER IDENTIFIER

  • control field: NUST

005 - DATE AND TIME OF LATEST TRANSACTION

  • control field: 20210628202436.0

008 - FIXED-LENGTH DATA ELEMENTS

  • fixed length control field: 210628|| aca||aabn | a|a d

040 ## - CATALOGING SOURCE

  • Original cataloging agency: NUST
  • Transcribing agency: NUST

100 ## - HEADING--PERSONAL NAME

  • Personal name: Bergquist, Carl.J

670 ## - SOURCE DATA FOUND

  • Source citation: Work cat.: (NUST): Bergquist, Carl.J, Integrated circuit projects, fun for the electronics hobbyist and technician, 2002
© 2023 Central Library, National University of Sciences and Technology. All Rights Reserved.